| 000 | 00745nam a22002411 4500 | ||
|---|---|---|---|
| 001 | 34559 | ||
| 003 | BD-RjUL | ||
| 005 | 20211209052158.0 | ||
| 008 | 140518s1968 maua b 000 0 eng | ||
| 035 | _a(BD-RjUL)34653 | ||
| 040 |
_aDLC _cDLC _dBD-RjUL _beng |
||
| 041 | _aeng | ||
| 082 | 0 | 0 |
_a305.5 _bCOM 1968 |
| 245 | 1 | 0 |
_aComparative perspectives on stratification: Mexico, Great Britain, Japan / _cEdited, and with introd., by Joseph A. Kahl. |
| 260 |
_aBoston : _bLittle, Brown, _cc1968. |
||
| 300 |
_axvii, 235 p. : _billus. ; _c21 cm. |
||
| 504 | _aIncludes bibliographical references. | ||
| 650 | 0 |
_aSocial classes. _9105125 |
|
| 700 | 1 |
_aKahl, Joseph Alan _9105126 |
|
| 942 |
_2ddc _cBK |
||
| 999 |
_c34559 _d34559 |
||